<?xml version="1.0" encoding="UTF-8"?>
<record
    xmlns:xsi="http://www.w3.org/2001/XMLSchema-instance"
    xsi:schemaLocation="http://www.loc.gov/MARC21/slim http://www.loc.gov/standards/marcxml/schema/MARC21slim.xsd"
    xmlns="http://www.loc.gov/MARC21/slim">

  <leader>00714nam a2200205 i 4500</leader>
  <controlfield tag="001">87112</controlfield>
  <controlfield tag="003">ES-MaACL</controlfield>
  <controlfield tag="005">20251204063026.0</controlfield>
  <controlfield tag="007">t|</controlfield>
  <controlfield tag="008">041220s1912    ddr          ||||1| ger d</controlfield>
  <datafield tag="100" ind1="1" ind2=" ">
    <subfield code="a">Koch, Robert, </subfield>
    <subfield code="d">1843-1910</subfield>
    <subfield code="9">68407</subfield>
  </datafield>
  <datafield tag="245" ind1="1" ind2="0">
    <subfield code="a">Gesammelte werke / </subfield>
    <subfield code="c">von Robert Koch ; unter mitwirkung von G. Gaffy und E. Pfuhl ; herausgegeben von J. Schwalbe.</subfield>
  </datafield>
  <datafield tag="260" ind1=" " ind2=" ">
    <subfield code="a">Leipzig : </subfield>
    <subfield code="b">Thieme, </subfield>
    <subfield code="c">1912 (</subfield>
    <subfield code="f">Richard Hahn)</subfield>
  </datafield>
  <datafield tag="300" ind1=" " ind2=" ">
    <subfield code="a">3 v., 93 l&#xE1;m. ; </subfield>
    <subfield code="c">30 cm.</subfield>
  </datafield>
  <datafield tag="700" ind1="1" ind2=" ">
    <subfield code="a">Gaffky, Georg Theodor August, </subfield>
    <subfield code="d">1850-1918</subfield>
    <subfield code="9">53213</subfield>
  </datafield>
  <datafield tag="700" ind1="1" ind2=" ">
    <subfield code="a">Pfuhl, Eduard, </subfield>
    <subfield code="d">1852-</subfield>
    <subfield code="9">91644</subfield>
  </datafield>
  <datafield tag="700" ind1="1" ind2=" ">
    <subfield code="a">Schwalbe, Julius (</subfield>
    <subfield code="d">1863-1930)</subfield>
    <subfield code="9">104852</subfield>
  </datafield>
  <datafield tag="852" ind1=" " ind2=" ">
    <subfield code="a">ES-MaACL</subfield>
    <subfield code="j">G-1663-65</subfield>
  </datafield>
  <datafield tag="999" ind1=" " ind2=" ">
    <subfield code="c">87112</subfield>
    <subfield code="d">87112</subfield>
  </datafield>
  <datafield tag="952" ind1=" " ind2=" ">
    <subfield code="0">0</subfield>
    <subfield code="1">0</subfield>
    <subfield code="4">0</subfield>
    <subfield code="7">0</subfield>
    <subfield code="a">ATENEOM</subfield>
    <subfield code="b">ATENEOM</subfield>
    <subfield code="c">DEPO2</subfield>
    <subfield code="d">2008-01-17</subfield>
    <subfield code="e">SC</subfield>
    <subfield code="l">0</subfield>
    <subfield code="o">G-1663-65</subfield>
    <subfield code="p">1091018</subfield>
    <subfield code="r">2023-02-23 00:00:00</subfield>
    <subfield code="w">2023-02-23</subfield>
    <subfield code="y">MONOGRAFIA</subfield>
  </datafield>
</record>
